The developing person through childhood
Αποθηκεύτηκε σε:
| Κύριος συγγραφέας: | |
|---|---|
| Άλλοι συγγραφείς: | |
| Μορφή: | Βιβλίο |
| Γλώσσα: | English |
| Δημοσίευση: |
New York :
Worth Publishers,
1996
|
| Θέματα: | |
| Ετικέτες: |
Προσθήκη ετικέτας
Δεν υπάρχουν, Καταχωρήστε ετικέτα πρώτοι!
|
MARC
| LEADER | 00000nam a2200000 i 4500 | ||
|---|---|---|---|
| 001 | 1/94603 | ||
| 008 | 991129s1996 eng d | ||
| 020 | |a 1-57259-016-5 | ||
| 035 | |l 10054894 | ||
| 040 | |a GR-MY-UA |b gre |e aacr | ||
| 041 | 0 | |a eng | |
| 082 | 0 | |a 155.4 | |
| 100 | 1 | |a Berger, Kathleen Stassen. | |
| 245 | 1 | 4 | |a The developing person through childhood / |c Kathleen Stassen Berger, Ross A. Thompson |
| 260 | |a New York : |b Worth Publishers, |c 1996 | ||
| 300 | |a 517 p. | ||
| 650 | 0 | 0 | |a Child psychology. |
| 650 | 0 | 0 | |a Infant psychology. |
| 650 | 0 | 0 | |a Child development. |
| 650 | 0 | 0 | |a Infants |x Development. |
| 700 | 1 | |a Thompson, Ross A. | |
| 852 | |a INST |b RHODES |e 19991129 |h 155.4 BER |p 005400012652 |q 005400012652 |t BK |y 0 | ||
| 901 | |a BIBL4-1999-3 | ||
| 909 | |a Ρ |b 069015 | ||
| 922 | |a 4ΕΛΗ |b 199909 |c ΚΠΣ/154 |d GLORY BOOKS | ||
| 970 | |a ΚΟΥΛΑΚΙΟΤΗ |b ΛΙΤΣΑ |z 1999/11/29 | ||